000 00611nam a22001817a 4500
005 20251108174829.0
008 250721s1997 xx 000 0 ara d
082 1 4 _aم/213.41/عسق
100 1 _aالعسقلاني، أحمد بن علي بن حجر
_eشارح
245 1 0 _aهدي الساري مقدمة فتح الباري شرح صحيح البخاري /
264 1 _aالرياض :
_bدار السلام،
_c1997.
300 _a9 مج
650 1 7 _aالدين الاسلامي
650 1 7 _aالحديث الشريف
650 1 7 _aصحيح البخاري
942 _2ddc
_cREF
999 _c119201
_d119201